000 01682nam0a2200349 i 4500
001 RU\NLR\BIBL_A\010830024
005 20260406071945.0
021 _aRU
_b2015-56160
_93319
035 _a(NLR Aleph) 010830024
090 _a10283699
_c10283699
100 _a20150907d2015 k y0rusy50 ca
101 0 _arus
102 _aRU
105 _ay|||z|||000zy
200 1 _aКоллаж и полистилистика: от экспериментов авангарда в общехудожественное пространство
_eмонография
_fА.И. Демченко
_gМ-во культуры Рос. Федерации, Саратов. гос. консерватория им. Л.В. Собинова
210 _aСаратов
_cФГБОУ ВО "Саратовская государственная консерватория им. Л.В. Собинова"
_d2015
215 _a41, [1] с.
_d21
225 1 _aГод литературы в России, 2015
300 _aНа обороте тит. л. авт.: д.иск. А.И. Демченко
606 1 _aКоллаж
_92049625
_3RU\NLR\AUTH\661229437
606 1 _aПолистилистика
_xв музыке
_92257074
_3RU\NLR\AUTH\6601583625
606 1 _aИскусство
_z19 - 20 вв.
_92081978
_3RU\NLR\AUTH\661257986
675 _a7.0
686 1 _aЩ103(0)-4
686 1 _aЩ313(0)-239
686 1 _aЩ03(0)6
700 1 _8rus
_7ca
_aДемченко
_bА. И.
_cискусствовед
_f1943-
_gАлександр Иванович
_3RU\NLR\AUTH\7729304
_912333
801 0 _aRU
_bРГБ
_c20150727
_gRCR
942 _cBOOK
980 _aNBR